[Event "ROM-ch U16 Girls"]
[Site "Baile Felix"]
[Date "2017.02.07"]
[Round "7"]
[White "Nistor, Valentina"]
[Black "Libik, Krisztina Szilvia"]
[Result "1/2-1/2"]
[WhiteElo "1714"]
[BlackElo "1432"]
[PlyCount "80"]
[EventDate "2017.02.02"]
[EventType "swiss"]
[EventRounds "9"]
[EventCountry "ROU"]
[SourceTitle "CBM 176 Extra"]
[Source "ChessBase"]
[SourceDate "2017.03.02"]
[SourceVersion "1"]
[SourceVersionDate "2017.03.02"]
[SourceQuality "1"]

1. e4 c5 2. Nc3 e6 3. f4 Nc6 4. Nf3 g6 5. g3 Bg7 6. Bg2 Nge7 7. 0-0 0-0 8. d3 b6 9. e5 d5 10. d4 Ba6 11. Re1 cxd4 12. Nxd4 Nxd4 13. Qxd4 Nf5 14. Qf2 Re8 15. g4 Nh6 16. Bh3 Bf8 17. Be3 Qc7 18. Rad1 Bc5 19. Bd4 Bxd4 20. Rxd4 Qe7 21. Kh1 Kh8 22. f5 f6 23. fxg6 fxe5 24. Rxe5 Qg7 25. Re1 Qxg6 26. Rf4 Qg7 27. Rg1 Rf8 28. g5 Nf5 29. Bxf5 Rxf5 30. Rxf5 exf5 31. Rg3 d4 32. Ne2 Bxe2 33. Qxe2 Qb7+ 34. Kg1 Qe4 35. Qf3 Re8 36. Qd3 Qe1+ 37. Qf1 Qe4 38. g6 Rg8 39. Qh3 Qe1+ 40. Kg2 Qe2+ 1/2-1/2

[Event "ROM-ch U16 Girls"]
[Site "Baile Felix"]
[Date "2017.02.02"]
[Round "1"]
[White "Paraschiv, Petronela Alexandra"]
[Black "Libik, Krisztina Szilvia"]
[Result "0-1"]
[WhiteElo "1762"]
[BlackElo "1432"]
[PlyCount "150"]
[EventDate "2017.02.02"]
[EventType "swiss"]
[EventRounds "9"]
[EventCountry "ROU"]
[SourceTitle "CBM 176 Extra"]
[Source "ChessBase"]
[SourceDate "2017.03.02"]
[SourceVersion "1"]
[SourceVersionDate "2017.03.02"]
[SourceQuality "1"]

1. c4 e5 2. g3 Nf6 3. Bg2 Be7 4. Nc3 0-0 5. d3 Nc6 6. e4 d6 7. Nge2 Be6 8. 0-0 Qd7 9. Nd5 h6 10. f4 Bg4 11. Nxe7+ Qxe7 12. h3 Bxe2 13. Qxe2 Nd4 14. Qd1 c6 15. Be3 Rad8 16. Bxd4 exd4 17. Qf3 Nd7 18. Qf2 c5 19. Rab1 Nb6 20. Rfe1 f6 21. Qc2 Rfe8 22. a3 Rd7 23. b4 Qf7 24. bxc5 dxc5 25. a4 Qg6 26. Kh2 Ree7 27. a5 Nc8 28. Rb5 Rc7 29. e5 fxe5 30. fxe5 a6 31. Rbb1 Na7 32. Bd5+ Kh8 33. Rf1 Qe8 34. Qf2 Nc6 35. e6 Rc8 36. Qf5 Nxa5 37. Be4 Qg8 38. Rbe1 Rce8 39. Bd5 Rc8 40. Re5 Nc6 41. Re4 Nb4 42. Rg4 Nc2 43. Qg6 Ne3 44. Rf7 Nxg4+ 45. hxg4 Rce8 46. Kh3 b5 47. cxb5 axb5 48. Kh4 Qh7 49. Qh5 Qxd3 50. g5 Qh7 51. g6 Qg8 52. g4 Rxe6 53. Bxe6 Rxe6 54. Qxc5 Qd8+ 55. Kh5 Re8 56. Qxb5 Re1 57. g5 Rh1+ 58. Kg4 Rg1+ 59. Kf3 Rxg5 60. Qb4 Qd5+ 61. Ke2 Rxg6 62. Rf8+ Kh7 63. Qb1 d3+ 64. Qxd3 Qxd3+ 65. Kxd3 Rf6 66. Rc8 g5 67. Ke3 h5 68. Rc5 Kg6 69. Rd5 h4 70. Rd4 h3 71. Rd2 g4 72. Rh2 Kg5 73. Ke2 Kh4 74. Rh1 g3 75. Rd1 h2 0-1

[Event "ROM-ch U14 Girls"]
[Site "Calimanesti Caciulata"]
[Date "2016.04.19"]
[Round "2"]
[White "Libik, Krisztina Szilvia"]
[Black "Vornicescu, Maria Raluca"]
[Result "1-0"]
[WhiteElo "1316"]
[BlackElo "1001"]
[PlyCount "49"]
[EventDate "2016.04.18"]
[EventType "swiss"]
[EventRounds "9"]
[EventCountry "ROU"]
[SourceTitle "CBM 172 Extra"]
[Source "ChessBase"]
[SourceDate "2016.06.21"]
[SourceVersion "1"]
[SourceVersionDate "2016.06.21"]
[SourceQuality "1"]

1. e4 c6 2. d4 d5 3. exd5 cxd5 4. c4 e6 5. c5 Nc6 6. Nf3 Nf6 7. Nc3 a6 8. Be2 Be7 9. 0-0 Ne4 10. Qd3 Nxc3 11. Qxc3 0-0 12. Bf4 b6 13. b4 a5 14. b5 Na7 15. c6 Bd6 16. Qe3 Bxf4 17. Qxf4 Qe7 18. a4 f6 19. Rfe1 e5 20. dxe5 fxe5 21. Qxe5 Qe6 22. Bd3 Re8 23. Qh5 Qf7 24. Rxe8+ Qxe8 25. Qxe8# 1-0